LEADER 01078nam0-2200373-i-450- 001 990009654150403321 005 20121205110118.0 010 $a978-1-107-02966-8$bhardback 035 $a000965415 035 $aFED01000965415 035 $a(Aleph)000965415FED01 035 $a000965415 100 $a20121205d2013----km-y0itay50------ba 101 0 $aeng 102 $aUS 105 $aa---a---001yy 200 1 $aTopics in critical point theory$fKanishka Perera, Martin Schechter 210 $aCambridge$cCambridge University Press$d2013 215 $aXI, 157 p.$d24 cm 225 1 $aCambridge tracts in mathematics$v198 610 0 $aAnalisi globale 610 0 $aTeoria del punto fisso 610 0 $aTeoria dei punti critici 676 $a514'.74 700 1$aPerera,$bKanishka$0508330 701 1$aSchechter,$bMartin$013643 801 0$aIT$bUNINA$gREICAT$2UNIMARC 901 $aBK 912 $a990009654150403321 952 $aC-34-(198$b25555$fMA1 959 $aMA1 962 $a58-XX 996 $aTopics in critical point theory$9840971 997 $aUNINA LEADER 00913nam 2200265 450 001 996682779403316 005 20251101102622.0 100 $a20251023d1963----km y0itay5003 ba 101 0 $aita 102 $aIT 105 $ay 00 y 200 1 $aConforme alla Costituzione la rimessione dei procedimenti riguardanti magistrati$fMetello Scaparone 210 $aMilano$cGiuffrè$d1963 215 $a943-952 p.$d25 cm 300 $aEstratto da: Rivista italiana di diritto e procedura penale, nuova serie, anno 6, n. 3 (lug.-set. 1963) 606 0 $aRimessione del processo$2BNCF 676 $a345.4507 700 1$aSCAPARONE,$bMetello$0268650 801 0$aIT$bcba$gREICAT 912 $a996682779403316 951 $aXVI.7.Misc. 7$b48 FBUO$cXVI.7.Misc. 959 $aBK 969 $aFBUO 996 $aConforme alla Costituzione la rimessione dei procedimenti riguardanti magistrati$94449919 997 $aUNISA